Entry Personal Name
Number of records used in: 1
001 - CONTROL NUMBER
003 - CONTROL NUMBER IDENTIFIER
005 - DATE AND TIME OF LATEST TRANSACTION
- control field:
20230930154237.0
008 - FIXED-LENGTH DATA ELEMENTS
- fixed length control field:
040809n| azannaabn |n aaa
010 ## - LIBRARY OF CONGRESS CONTROL NUMBER
- LC control number:
n 2004011305
035 ## - SYSTEM CONTROL NUMBER
- System control number:
(OCoLC)oca06414408
040 ## - CATALOGING SOURCE
- Original cataloging agency:
DLC
- Language of cataloging:
eng
- Description conventions:
rda
- Transcribing agency:
DLC
- Modifying agency:
UUML
046 ## - SPECIAL CODED DATES
100 1# - HEADING--PERSONAL NAME
- Personal name:
Calin, Ovidiu
370 ## - ASSOCIATED PLACE
- Other associated place:
Toronto (Ont.)
- Other associated place:
Ypsilanti (Mich.)
- Source of term:
naf
372 ## - FIELD OF ACTIVITY
- Field of activity:
Mathematics
- Source of term:
lcsh
373 ## - ASSOCIATED GROUP
- Associated group:
University of Toronto
- Associated group:
Eastern Michigan University
- Source of term:
naf
374 ## - OCCUPATION
- Occupation:
Mathematicians
- Occupation:
College teachers
- Source of term:
lcsh
375 ## - GENDER
377 ## - ASSOCIATED LANGUAGE
670 ## - SOURCE DATA FOUND
- Source citation:
Genetric mechanics on Riemannian manifolds, 2004:
- Information found:
CIP t.p. (Ovidiu Calin)
670 ## - SOURCE DATA FOUND
- Source citation:
Geometric analysis on the Heisenberg group and its generalizations, 2007:
- Information found:
CIP t.p. (Ovidiu Calin) data sheet (b. May 13, 1971)
670 ## - SOURCE DATA FOUND
- Source citation:
Geometric modeling in probability and statistics, 2014:
- Information found:
t.p. verso (Ovidiu Calin, Department of Mathematics, Eastern Michigan University, Ypsilanti, MI, USA)
670 ## - SOURCE DATA FOUND
- Source citation:
Eastern Michigan University, via WWW, viewed Sept. 12, 2014
- Information found:
(Ovidiu Calin, progessor, Department of Mathematics, Eastern Michigan University; Ph.D. in Mathematics, 2000, University of Toronto)
- Uniform Resource Identifier:
http://people.emich.edu/ocalin/CV.htm